| 000 | 00469nam a2200169 i 4500 | ||
|---|---|---|---|
| 001 | 134321 | ||
| 003 | ES-MaACL | ||
| 005 | 20230906194640.0 | ||
| 007 | t| | ||
| 008 | 070907s1970 sp ||||1| spa d | ||
| 100 | 1 |
_aWhite, Stahope. _9116686 |
|
| 245 | 1 | 3 |
_aEl imperio perdido del Nilo / _cStahope White. |
| 250 | _a1ª ed. | ||
| 260 |
_aBarcelona : _bE. M. A., _c1970. |
||
| 300 |
_a349 p., 4 h. de lám. 1 map. ; _c21 cm. |
||
| 852 |
_aES-MaACL _jC-39546 _bR.74821 |
||
| 999 |
_c134321 _d134321 |
||